00650nam a2200229Ia 450000100060000000300090000600800410001504000130005604000130006904100120008210000170009410000290011124500210014024500490016125000110021026000110022126000290023226000490026130000550031065000240036565000310038937439IT-RoPAU130308s9999 xx 000 0 und d aIT-RoPAU cIT-RoPAU aINGLESE aFerguson Bob gCodice Aut. SPICS: 17252 aBlack Blue Peter bTelevision Mythologies: Stars, Shows & Signs a1a ed. aLONDON bComedia Publishing Group c1986 [1° Ed.:1984 - Ed.Ling.Originale:1984] a"8 p. (prefazione: no ; testo: 8 [pagine: 34-41])" aTEORICHE TELEVISIVE eCodice materia Spics: 6955